00832nam a2200241Ia 4500001000600000003000900006008004100015040001300056040001300069041001300082100001900095100002900114245004200143245010100185250001100286260001000297260002800307260004900335300005900384500008100443650003500524650003100559B0949IT-RoPAU130308s9999 xx 000 0 und d aIT-RoPAU cIT-RoPAU aFRANCESE aGuillaume Marc gCodice Aut. SPICS: 5686 aCommentaire: reseaux de communication bOrdre Communicationnel (L')-Les Nouvelles Technologies de la Communication: Enjeux et Strategies a1a ed. aPARIS bDocumentation Francaise c1989 [1° Ed.:1989 - Ed.Ling.Originale:1988] a"14 p. (prefazione: no ; testo: 14 [pagine: 147-160])" aReti di Comunicazione. informatica e Comunicazione. Riassunto dei Dibattiti. aSAGGI DI COMUNICAZIONE SOCIALE eCodice materia Spics: 3807